Звичайний вигляд
Перегляд у МАРК
Входження „Personal Name“
Кількість записів, які використовуються: 1
001 - CONTROL NUMBER
- control field: 21150
003 - CONTROL NUMBER IDENTIFIER
- control field: UA-OsUOA
005 - DATE AND TIME OF LATEST TRANSACTION
- control field: 20250725122945.0
008 - FIXED-LENGTH DATA ELEMENTS
- fixed length control field: 250725|| aca||aabn | a|a d
040 ## - CATALOGING SOURCE
- Original cataloging agency: UA-OsUOA
- Transcribing agency: UA-OsUOA
100 ## - HEADING--PERSONAL NAME
- Personal name: Кобилянська О. Ю
670 ## - SOURCE DATA FOUND
- Source citation: Work cat.: (UA-OsUOA)353559: Кобилянська О. Ю., Твори в двох томах, 1983